Potreba správneho prístupu pri zásade pravdivého a verného zobrazenia skutočnosti v účtovnej závierke bakalárska práca

Na minha lista:
Detalhes bibliográficos
Autor principal: Figurová, Dana
Autor Corporativo: Fakulta hospodárskej informatiky EU. Katedra účtovníctva a audítorstva
Outros Autores: Hunyady, Katarína
Formato: Livro
Idioma:eslovaco
Publicado em: Bratislava 2015
Tags: Adicionar Tag
Sem tags, seja o primeiro a adicionar uma tag!

MARC

LEADER 00000nbm a2200000 4500
001 0203659
005 20171211063850.3
041 0 |a slo 
044 |a SK 
245 1 0 |a Potreba správneho prístupu pri zásade pravdivého a verného zobrazenia skutočnosti v účtovnej závierke  |b bakalárska práca  |c Dana Figurová ; školiteľ: Katarína Hunyady 
264 1 |a Bratislava  |c 2015 
300 |a 42 s. 
100 1 |a Figurová, Dana 
700 1 |a Hunyady, Katarína 
710 2 |a Fakulta hospodárskej informatiky EU. Katedra účtovníctva a audítorstva